<?xml version="1.0" encoding="UTF-8"?>
<record
    xmlns:xsi="http://www.w3.org/2001/XMLSchema-instance"
    xsi:schemaLocation="http://www.loc.gov/MARC21/slim http://www.loc.gov/standards/marcxml/schema/MARC21slim.xsd"
    xmlns="http://www.loc.gov/MARC21/slim">

  <leader>00440    a2200109   4500</leader>
  <controlfield tag="001">ART_49137</controlfield>
  <controlfield tag="005">20260410162019.0</controlfield>
  <controlfield tag="008">260409a                                 </controlfield>
  <datafield tag="245" ind1="1" ind2="0">
    <subfield code="a">Las acciones de preterici&#xF3;n y entrega de la leg&#xED;tima como remedio ante la omisi&#xF3;n de herederos foszosos en el testamento</subfield>
  </datafield>
  <datafield tag="100" ind1="1" ind2=" ">
    <subfield code="a">Merlo, Leandro M.</subfield>
  </datafield>
  <datafield tag="773" ind1="0" ind2=" ">
    <subfield code="t">Temas de derecho de familia, sucesiones y bio&#xE9;tica</subfield>
    <subfield code="g">- A&#xF1;o 4, N&#xB0; 5 (mayo 2019)</subfield>
    <subfield code="w">REV41029</subfield>
  </datafield>
  <datafield tag="999" ind1=" " ind2=" ">
    <subfield code="c">32906</subfield>
    <subfield code="d">32906</subfield>
  </datafield>
</record>
